ბათუმის შოთა რუსთაველის სახელმწიფო უნივერსიტეტის ბიბლიოთეკა

экономика предприятия:тесты Задачи ситуации: учебное пособие для вузов, (ბიბ.ჩანაწერი № 37150)

000 -LEADER
fixed length control field 00757nam a2200229Ia 4500
001 - CONTROL NUMBER
control field 3106
003 - CONTROL NUMBER IDENTIFIER
control field GE_BSU
008 - FIXED-LENGTH DATA ELEMENTS--GENERAL INFORMATION
fixed length control field 181216s||||||||xx |||||||||||||| ||und||
020 ## - INTERNATIONAL STANDARD BOOK NUMBER
International Standard Book Number 851730889
040 ## - CATALOGING SOURCE
Transcribing agency GE_BSU
080 ## - UNIVERSAL DECIMAL CLASSIFICATION NUMBER
Universal Decimal Classification number 338.45(07)
100 ## - MAIN ENTRY--PERSONAL NAME
Personal name Швандар. В.А.В.П. Прасолова,
245 ## - TITLE STATEMENT
Title экономика предприятия:тесты Задачи ситуации: учебное пособие для вузов,
245 ## - TITLE STATEMENT
Statement of responsibility, etc. глав.ред. изд. ВА Н.Д. Эриашвили
260 ## - PUBLICATION, DISTRIBUTION, ETC.
Place of publication, distribution, etc. Москва
260 ## - PUBLICATION, DISTRIBUTION, ETC.
Name of publisher, distributor, etc. Банки и Биржи, ЮНИТИ
260 ## - PUBLICATION, DISTRIBUTION, ETC.
Date of publication, distribution, etc. 1997
300 ## - PHYSICAL DESCRIPTION
Extent 95 ст. 20 см.
653 ## - INDEX TERM--UNCONTROLLED
Uncontrolled term экономика предприятия:
942 ## - ADDED ENTRY ELEMENTS (KOHA)
Koha item type წიგნი
ეგზემპლარები
Withdrawn status Lost status Damaged status Not for loan Date acquired Barcode Date last seen Price effective from Koha item type Public note
        2018-12-17 7846 2018-12-17 2018-12-17 წიგნი დარბაზი
        2018-12-17 8186 2018-12-17 2018-12-17 წიგნი დარბაზი
        2018-12-17 8187 2018-12-17 2018-12-17 წიგნი დარბაზი